000 01443nam a2200337 i 4500
003 EG-GICUC
005 20260121101231.0
008 251117s2009 UA ||||fr|||| 000 0 ARA d
017 _a09/17364
020 _a978.977.04.3206.5
040 _a EG-GICUC
_bara
_c EG-GICUC
_d EG-GICUC
_erda
041 0 _aARA
082 0 4 _221
_a341.85
_bم ح . ق
092 0 4 _221
099 _aLAW1 11 2007 341.85 م ح . ق
100 0 _aمحمد السيد عرفة,
_eمؤلف.
245 1 2 _aالقانون الواجب التطبيق على النزاع أمام هيئة التحكيم :
_bدراسة تاصيلية مقارنة لنظام مركز التحكيم التجاري الخليجي ولائحة إجراءات التحكيم لديه على ضوء قواعد القانون الدولي الخاص /
_cتأليف د. محمد السيد عرفة .
264 1 _aالقاهرة :
_bدار النهضة العربية ،
_c2007 .
300 _a؛ 343 صفحة
_c24 سم
336 _2rda content
_atext
337 _2rda media
_aComputer
338 _2rda carrier
_aOnline Resource
504 _aيشتمل على ارجاعات ببليوحرافية .
546 _aالنص باللغة العربية
650 1 4 _aالتحكيم - قانون دولي
650 1 4 _aالقانون الدولي
651 1 _2qrmak
856 4 0 _uhttps://fll.law.cu.edu.eg/fulltext/bks/B12-01430.pdf
905 _a76
942 _2ddc
_cBK
_e21
_n0
999 _c43737
_d43737